Statistics for HARRY POTTER RANDOM TRIVIA #1

Click here to take the quiz!

General Stats

  • This quiz has been taken 87 times
  • The average score is 3 of 5

Answer Stats

HintAnswer% Correct
What is the name of the actor that plays Harry Potter?Daniel Radcliffe
96%
Who did Neville kill in Harry Potter and the Deathly Hallows in order to save Ron and Hermione?Nagini
86%
What is Luna Lovegood's patronus?Hare
65%
What is the name of the person that ends up marrying Luna Lovegood?Rolf Scamander
43%
Who is that person's grandfather?Newton Scamander
10%

Score Distribution

Percentile by Number Answered

Percent of People with Each Score

Your Score History

You have not taken this quiz